Statistics for Toronto Raptors All-Time Starting 5

Click here to take the quiz!

General Stats

  • This quiz has been taken 493 times
    (425 since last reset)
  • The average score is 6 of 8

Answer Stats

PositionPlayer% Correct
SFVince Carter
94%
PGKyle Lowry
93%
6th ManDeMar DeRozan
83%
Honorable MentionKawhi Leonard
80%
PFChris Bosh
73%
SGTracy McGrady
67%
CoachNick Nurse
55%
CJonas Valanciunas
33%

Score Distribution

Percentile by Number Answered

Percent of People with Each Score

Your Score History

You have not taken this quiz since the last reset